100 Najwiekszych Miast w Wielkiej Brytanii - Statystyki

Ogólne statystyki
  • Ten quiz został rozwiązany 63 razy
  • Średni wynik to 37 z 99
Statystyki odpowiedzi
Hint Miasto Hrabstwo Ludnosc % Poprawnych
1 Londyn Wielki Londyn 7,61 mln
100%
2 Birmingham West Midlands 1,01 mln
96%
9 Edynburg Edynburg 452 tys
96%
5 Manchester Wielki Manchester 465 tys
96%
3 Glasgow Glasgow 637 tys
94%
7 Liverpool Merseyside 464 tys
93%
14 Cardiff Cardiff 310 tys
91%
6 Bristol Bristol 465 tys
87%
15 Leicester Leicestershire 294 tys
80%
4 Leeds West Yorkshire 477 tys
76%
41 York North Yorkshire 148 tys
76%
17 Belfast Antrim 268 tys
74%
16 Nottingham Nottinghamshire 273 tys
74%
20 Southampton Hampshire 252 tys
74%
32 Aberdeen Aberdeenshire 183 tys
72%
25 Newcastle upon Tyne Tyne and Wear 200 tys
72%
33 Swansea Swansea 174 tys
70%
22 Derby Derbyshire 236 tys
67%
53 Cambridge Cambridgeshire 132 tys
65%
40 Dundee Dundee 151 tys
65%
8 Sheffield South Yorkshire 458 tys
65%
50 Brighton East Sussex 139 tys
59%
28 Norwich Norfolk 194 tys
59%
19 Plymouth Devon 256 tys
57%
59 Newport Newport 119 tys
56%
13 Coventry West Midlands 312 tys
54%
26 Northampton Northamptonshire 199 tys
54%
35 Bournemouth Dorset 168 tys
52%
11 Kingston upon Hull East Riding of Yorkshire 320 tys
52%
81 Lincoln Lincolnshire 88,8 tys
52%
10 Sunderland Tyne and Wear 348 tys
50%
21 Wolverhampton West Midlands 251 tys
50%
44 Ipswich Suffolk 145 tys
48%
29 Luton Bedfordshire 193 tys
48%
24 Portsmouth Hampshire 200 tys
48%
100 Chester Cheshire 81,3 tys
44%
38 Oksford Oxfordshire 164 tys
44%
23 Reading Berkshire 235 tys
44%
42 Middlesbrough North Yorkshire 147 tys
43%
18 Stoke-on-Trent Staffordshire 258 tys
43%
47 Blackpool Lancashire 141 tys
41%
12 Bradford West Yorkshire 315 tys
39%
48 Bolton Wielki Manchester 140 tys
37%
54 Gloucester Gloucestershire 129 tys
37%
60 Exeter Devon 118 tys
35%
56 Watford Hertfordshire 122 tys
35%
63 Blackburn Lancashire 107 tys
33%
39 Huddersfield West Yorkshire 152 tys
33%
49 West Bromwich West Midlands 140 tys
33%
97 Wigan Wielki Manchester 82,6 tys
33%
45 Peterborough Cambridgeshire 143 tys
31%
57 Colchester Essex 121 tys
30%
31 Milton Keynes Buckinghamshire 184 tys
30%
85 Grimsby Lincolnshire 87,7 tys
28%
30 Preston Lancashire 188 tys
28%
37 Southend-on-Sea Essex 164 tys
28%
77 Worcester Worcestershire 94,8 tys
28%
65 Oldham Wielki Manchester 104 tys
26%
75 Bath Somerset 96,1 tys
24%
90 Bedford Bedfordshire 86,8 tys
24%
36 Swindon Wiltshire 166 tys
24%
89 Londonderry Londonderry 86,9 tys
22%
43 Poole Dorset 145 tys
22%
69 Crawley West Sussex 102 tys
20%
58 Rotherham South Yorkshire 119 tys
20%
70 Cheltenham Gloucestershire 100 tys
19%
61 Eastbourne East Sussex 114 tys
19%
80 Hartlepool Durham 89,1 tys
19%
34 Walsall West Midlands 172 tys
19%
64 Chelmsford Essex 106 tys
17%
86 Halifax West Yorkshire 87,6 tys
17%
52 Stockport Wielki Manchester 134 tys
17%
84 Darlington Durham 88,4 tys
15%
71 Gillingham Kent 99,9 tys
15%
55 Slough Berkshire 128 tys
15%
51 Telford Shropshire 138 tys
15%
96 Warrington Cheshire 82,8 tys
15%
66 Basildon Essex 104 tys
13%
93 St Albans Hertfordshire 85,4 tys
13%
74 Rochdale Wielki Manchester 96,3 tys
11%
68 St Helens Merseyside 103 tys
11%
72 Worthing West Sussex 99,6 tys
11%
95 Birkenhead Merseyside 82,9 tys
9%
78 Maidstone Kent 93,9 tys
9%
99 Stevenage Hertfordshire 81,8 tys
9%
27 Dudley West Midlands 195 tys
7%
79 Harrogate North Yorkshire 90,3 tys
7%
87 Hastings East Sussex 87,2 tys
7%
73 Solihull West Midlands 97,6 tys
7%
76 Basingstoke Hampshire 95,5 tys
6%
94 Hemel Hempstead Hertfordshire 84,2 tys
6%
82 Southport Merseyside 88,8 tys
6%
62 Sutton Coldfield West Midlands 108 tys
6%
92 Weston-super-Mare Somerset 85,5 tys
6%
83 Harlow Essex 88,6 tys
2%
67 Woking-Byfleet Surrey 103 tys
2%
46 Oldbury-Smethwick West Midlands 142 tys
0%
98 South Shields Tyne and Wear 82,2 tys
0%
91 Stockton-on-Tees Durham 86,1 tys
0%
Nie znaleziono quizów pasujących do podanych kryteriów
Rozkład punktacji
Procent ludzi z każdym wynikiem
Percentyl według liczby udzielonych odpowiedzi
Twoja historia wyników
Nie rozwiązałeś tego quizu